| 000 | 00657cam a2200193 a 4500 | ||
|---|---|---|---|
| 020 | _a9291440299 | ||
| 040 | _cDLC | ||
| 082 | _a169 ADH 1998 C074 Or. | ||
| 100 | 1 | _aAdhikari, Ambika P. | |
| 245 | 1 | 0 |
_aUrban & environmental planning in Nepal : _banalysis, policies, and proposals / |
| 246 | 1 | 8 | _aUrban and environmental planning in Nepal |
| 260 |
_a[Kathmandu] : _bIUCN-The World Conservation Union, _c1998. |
||
| 300 |
_avii, 132 p. : _bill. ; _c25 cm. |
||
| 650 | 0 | _aCity planning | |
| 650 | 0 | _aCity planning | |
| 650 | 0 | _aEnvironmental protection | |
| 710 | 2 | _aInternational Union for Conservation of Nature and Natural Resources. | |
| 942 | _cAEDBB | ||
| 999 |
_c22559 _d22559 |
||